000 00811nam a2200277Ia 4500
003 OSt
005 20221005075756.0
006 a|||||r|||| 00| 0
007 ta
008 221004b |||||||| |||| 00| 0 urd d
020 _a9789387510005 (hbk)
_cINR 180.00
024 _a43107
037 _b2141, 16/03/2019, M.R.Publications
_cTextual
040 _aCRL
_cCRL
_burd
041 _2urd
_aurd
082 _aO168,1N327x, Q7
100 _aPrasad Gobind Au.
_9609921
245 0 _aKulliyat-e-Bani
260 _aNew Delhi
_bNCPUL India
_c2017
300 _a383p.
_ccm.
650 _a URDU LITERATURE
650 _a URDU POETRY
650 _aURDU
_939717
942 _hO168,1N327x, Q7
_cTEXL
_2cc
999 _c985112
_d985112